Premier League: Consistent Goal-Scorers Quiz Stats

 Plays Quiz Updated Jul 1, 2017

Challenge
Share
Tweet
Embed
Score 0/45 Timer 08:00
1 Play Today
Seasons Player % Correct
12Wayne Rooney
95.7%
11Alan Shearer
86.9%
10Frank Lampard
86.9%
8Thierry Henry
85.8%
4Steven Gerrard
83.2%
9Andy Cole
79.4%
5Didier Drogba
78.9%
7Sergio Agüero
72.9%
8Michael Owen
72.9%
7Robin van Persie
69.6%
5Dwight Yorke
68.5%
7Robbie Fowler
66%
10Jermain Defoe
65.7%
4Dennis Bergkamp
65.5%
7Teddy Sheringham
64.3%
4Harry Kane
63.6%
4Ruud van Nistelrooy
63.5%
4Fernando Torres
62.2%
8Robbie Keane
57.5%
6Ian Wright
52.1%
6Romelu Lukaku
51.9%
5Dimitar Berbatov
48.6%
4Darren Bent
48.1%
Seasons Player % Correct
7Nicolas Anelka
47.8%
7Les Ferdinand
47.8%
4Carlos Tevez
47.2%
5Emile Heskey
45.2%
5Eric Cantona
44.1%
7Jimmy Floyd Hasselbaink
41.9%
5Ole Gunnar Solskjaer
40.7%
5Kevin Phillips
40.2%
5Matthew le Tissier
37.8%
4Chris Sutton
37.2%
5Olivier Giroud
36.3%
5Mark Viduka
35.9%
5Emmanuel Adebayor
35.6%
7Dion Dublin
30.9%
6Yakubu
26.6%
5James Beattie
20.7%
4Jamie Vardy
18.9%
4Eidur Gudjohnsen
17.1%
6Tony Cottee
7.5%
4Gus Poyet
6.2%
4Sadio Mané
5.6%
4Jason Euell
5.3%

You're not logged in!

Compare scores with friends on all Sporcle quizzes.
Join for Free
OR
Log In

You Might Also Like...

Show Comments

Extras

Top Quizzes Today


Score Distribution

Your Account Isn't Verified!

In order to create a playlist on Sporcle, you need to verify the email address you used during registration. Go to your Sporcle Settings to finish the process.

Report this User

Report this user for behavior that violates our Community Guidelines.

Details: